[Event "1st 4NCL International Open"]
[Site "Telford"]
[Date "2018.11.03"]
[Round "6"]
[White "Rahul Srivatshav P"]
[Black "Gormally, Daniel W"]
[Result "0-1"]
[WhiteElo "2395"]
[BlackElo "2482"]
[Annotator "TA"]
[PlyCount "164"]
[EventDate "2018.10.31"]
[EventType "swiss"]
[EventCountry "GBR"]
[SourceTitle "playchess.com"]
[Source "ChessBase"]
[SourceQuality "1"]

{[%evp 17,164,0,4,-12,0,0,5,0,0,0,7,12,19,19,24,0,0,-7,81,8,9,10,10,11,50,50,50,49,50,50,50,53,51,43,44,39,50,51,48,47,46,53,61,54,65,47,54,50,60,45,48,55,56,52,84,83,83,83,87,81,92,83,83,76,80,84,92,85,86,71,135,133,135,135,208,215,189,132,206,211,222,205,204,89,105,70,95,6,7,-8,-8,-8,-8,-8,-2,-8,-8,-8,-8,-8,-8,-52,-52,-52,-52,-52,-52,-52,-52,-29942,-29940,-29936,-29949,-29950,-29950,-29946,-29952,-29955,-29962,-29957,-29964,-29962,-29961,-29962,-29967,-29973,-29974,-29968,-29976,-29980,-29980,-29978,-29979,-29984,-29976,-29976,-29977,-29980,-29978,-29984,-29985,-29985,-29985,-29985,-29986,-29986,-29987,-29989,-29990]} 1. Nf3 Nf6 2. g3 g6 3. Bg2 Bg7 4. O-O O-O 5. d4 d5 6. c3 b6 7. c4 {D02: 1 d4 d5 2 Nf3 sidelines, including 2...Nf6 3 g3 and 2...Nf6 3 Bf4} e6 8. cxd5 exd5 9. Nc3 Bb7 {LiveBook: 19 Games} (9... Re8 10. Bg5 Bb7 11. Ne5 h6 12. Bxf6 Bxf6 13. f4 Na6 14. e4 c6 15. exd5 cxd5 {1-0 (30) Andreikin,D (2705)-Wagner,D (2564) Antalya 2017}) 10. Qc2 $146 ({Predecessor:} 10. Bg5 Nbd7 11. Ne5 h6 12. Nxd7 Qxd7 13. Bxf6 Bxf6 14. e3 Rfd8 15. b4 c6 16. Qb3 h5 17. h4 {½-½ (17) Aranha Filho,A (2316)-Mekhitarian,K (2529) Florianopolis 2018}) 10... Na6 11. Bf4 Qe7 12. Rfd1 c5 13. Be5 Rfd8 14. a3 Rac8 15. Bh3 Rc6 16. Qa4 (16. Nb5 {with more complications.} Ra8 17. Qb3 Bh6 18. Nc3 Rd8 19. e3) 16... cxd4 17. Rxd4 (17. Bxd4 {feels hotter.} Nc5 18. Qc2 Nce4 19. Qd3 h5 20. Qe3) 17... Rc4 (17... Nc5 $11 {remains equal.} 18. Qd1 (18. Qxa7 $2 Ra8 $19) 18... Nce4) 18. Rxc4 (18. Nxd5 $1 $16 Nxd5 19. Qxc4 Bxe5 20. Nxe5 Qxe5 21. Rad1) 18... dxc4 $11 19. Qxc4 Bxf3 20. Bxf6 Qxf6 21. Qxa6 Ba8 {And now ...Qc6 would win.} 22. Qc4 ({But not} 22. Qxa7 $2 Qc6 $19) 22... Qe7 23. Rd1 Rxd1+ 24. Nxd1 Qb7 {[%csl Ga8][%cal Rb7h1]} 25. f3 Bf8 26. Qc8 Qd5 27. Nc3 Qc5+ 28. Kf1 Qxc8 29. Bxc8 $14 {[%mdl 4096] Endgame KBB-KBN} Bc5 30. e4 Kf8 31. Ke2 Ke7 32. Ba6 Bc6 33. Bb5 Bb7 34. Bc4 f6 35. b4 Bd6 36. Nb5 Bb8 37. Nd4 a6 38. Kd3 Bd6 39. Bd5 Bc8 40. Nc6+ Ke8 41. f4 Bd7 42. Nd4 Ke7 43. Kc4 g5 ({Black should play} 43... a5) 44. fxg5 $16 fxg5 45. Bg8 $1 h5 (45... a5 $16 {was worth a try.}) 46. Kd5 $18 Bc7 47. e5 (47. Be6 $18) 47... a5 (47... Bc8 $16 {keeps fighting.} 48. Nc6+ Kf8) 48. Be6 {aiming for Bxd7.} Be8 49. b5 Bg6 50. a4 (50. g4 $18) 50... Bb1 $16 51. Bg8 g4 52. e6 ({Better is} 52. Ne2 $16) 52... h4 $1 $11 {[%cal Rh4g3]} 53. Bf7 hxg3 54. hxg3 Bxg3 55. Bh5 $1 {Threatens to win with Nc6+.} Ba2+ 56. Ke4 {Nf5+ is the strong threat.} Bf2 57. Bxg4 Bxd4 58. Kxd4 {KB-KB} Bb3 {Strongly threatening ...Kd6.} 59. Be2 Kd6 $1 60. Bc4 Bxa4 {Hoping for ...Bd1.} 61. Ke4 Bc2+ 62. Kd4 Bf5 63. e7 $2 {[%mdl 8192]} (63. Ba2 $15) 63... Kxe7 {Black mates.} 64. Ke5 Bc2 65. Kd5 Kd7 $1 66. Ke5 a4 {[%cal Ba5a4,Ba4a3][%mdl 32]} 67. Kd4 Kd6 $1 68. Bg8 Bd1 $1 {[%cal Rd1e2]} 69. Bc4 Bg4 70. Bg8 {[#]} Be2 $1 {[%cal Re2b5]} 71. Bc4 {[#]} a3 $1 ({Stronger than} 71... Bxc4 72. Kxc4 Ke6 73. Kb4 $11) 72. Bg8 Bxb5 73. Bf7 Ba4 74. Kc3 Kc5 75. Bc4 Bb5 76. Bf7 Bc6 77. Bc4 Bd5 78. Be2 b5 {[%cal Bb6b5,Bb5b4][%mdl 32]} 79. Kc2 b4 80. Bd1 Kd4 81. Kb1 Kc3 82. Ba4 Bb3 {Precision: White = 51%, Black = 66%.} 0-1

[Event "1st 4NCL International Open"]
[Site "Telford"]
[Date "2018.11.03"]
[Round "6"]
[White "Macklin, Paul"]
[Black "Gourlay, Iain"]
[Result "1-0"]
[WhiteElo "2361"]
[BlackElo "2358"]
[Annotator "TA"]
[PlyCount "61"]
[EventDate "2018.10.31"]
[EventType "swiss"]
[EventCountry "GBR"]
[SourceTitle "playchess.com"]
[Source "ChessBase"]
[SourceQuality "1"]

{[%evp 21,60,16,37,38,37,37,41,41,45,29,51,54,53,50,52,35,62,60,119,125,414,402,393,418,771,772,731,766,932,905,2728,2213,3210,1208,29992,29993,29995,29996,29996,29997,29999]} 1. e4 e5 2. Nf3 Nc6 3. Bc4 Nf6 4. d3 Be7 5. O-O O-O 6. Re1 d6 7. a4 Na5 8. Ba2 {C55: Two Knights: 4 d3, 4 d4 exd4 5 e5 and Max Lange Attack} c5 9. Na3 a6 10. c3 Nc6 11. Bd2 Rb8 {LiveBook: 8 Games} 12. Nc4 (12. Nc2 Be6 13. Bxe6 fxe6 14. b4 b5 15. Qe2 Qd7 {½-½ (54) Duda,J (2707)-Naiditsch,A (2710) Linares 2017}) 12... h6 13. h3 Be6 14. b4 cxb4 15. cxb4 d5 $146 ({Predecessor:} 15... b5 16. axb5 axb5 {1-0 (35) Vocaturo,D (2606)-Satyapragyan,S (2462) Sitges 2016}) 16. exd5 Bxd5 17. b5 axb5 18. axb5 Nb4 19. Nfxe5 Ra8 (19... Nxa2 $14 20. Rxa2 Bc5) 20. Bb3 $16 {Threatens to win with Rxa8.} Be6 $2 {[%mdl 8192]} (20... Rxa1 $16 21. Qxa1 Be6) 21. Rxa8 $18 Qxa8 {[#]} 22. Ng6 $1 {[%mdl 512]} fxg6 (22... Nbd5 $142 23. Nb6 Nxb6) 23. Rxe6 Qd8 24. Ne5 Kh7 25. Qf3 Bd6 {[#]} 26. Nxg6 $1 {[%mdl 512]} Rf7 (26... Kxg6 27. Qe4+) 27. Qf5 (27. Bxb4 $142 Bxb4 28. Qf5) 27... Kg8 {[#]} 28. Rxd6 $1 {White mates.} Qxd6 29. Qc8+ Kh7 30. Bxf7 {[%csl Gg6][%cal Rc8h8]} Qd7 31. Qh8# {Precision: White = 86%, Black = 22%.} 1-0

[Event "1st 4NCL International Open"]
[Site "Telford"]
[Date "2018.11.03"]
[Round "6"]
[White "Ravi, Teja S."]
[Black "Arkell, Keith C"]
[Result "1/2-1/2"]
[WhiteElo "2357"]
[BlackElo "2436"]
[Annotator "TA"]
[PlyCount "26"]
[EventDate "2018.10.31"]
[EventType "swiss"]
[EventCountry "GBR"]
[SourceTitle "playchess.com"]
[Source "ChessBase"]
[SourceQuality "1"]

{[%evp 22,26,37,31,43,29,37]} 1. d4 Nf6 2. Nf3 d5 3. c4 c6 4. e3 g6 5. Nc3 Bg7 6. Be2 O-O 7. O-O Bg4 8. cxd5 cxd5 9. Qb3 Bc8 {D94: Grünfeld: 4 Nf3 Bg7 5 e3} (9... b6 10. Bd2 Ne4 11. Be1 Nc6 12. h3 Na5 13. Qa4 Bd7 14. Qa3 Nxc3 15. Bxc3 Nc6 16. Rfc1 e6 17. Rc2 a5 18. Rac1 Re8 19. Bb5 Na7 20. Bxd7 Qxd7 21. Ne5 Qb5 22. Be1 {½-½ (22) Rodshtein,M (2688)-Balogh,C (2632) Czech Republic 2018}) 10. Bd2 Nc6 11. Rfc1 e6 12. Be1 {LiveBook: 3 Games} Re8 13. Rd1 $146 ({Predecessor:} 13. a4 Bf8 14. Ne5 Nd7 15. Nd3 a6 16. Qd1 Na5 17. b3 {Hebden,M (2518)-Arkell,K (2472) Bunratty 2013 (63)}) 13... b6 1/2-1/2

[Event "1st 4NCL International Open"]
[Site "Telford"]
[Date "2018.11.03"]
[Round "6"]
[White "Wall, Tim P"]
[Black "Britton, Richard L"]
[Result "1-0"]
[WhiteElo "2253"]
[BlackElo "2204"]
[Annotator "TA"]
[PlyCount "93"]
[EventDate "2018.10.31"]
[EventType "swiss"]
[EventCountry "GBR"]
[SourceTitle "playchess.com"]
[Source "ChessBase"]
[SourceQuality "1"]

{[%evp 22,93,29,37,45,50,62,57,81,83,73,58,82,53,54,55,48,55,149,143,135,109,205,197,206,209,252,256,247,221,324,321,346,344,336,324,350,318,324,311,381,375,403,427,412,345,396,287,592,584,658,698,705,654,627,651,679,676,668,652,822,652,888,868,1247,1264,1210,1150,1250,1223,29973,12234,29977,6249]} 1. e4 c5 2. Nf3 d6 3. c3 Nf6 4. Be2 Nbd7 5. d3 g6 6. O-O Bg7 7. Re1 b6 8. Bf1 Bb7 9. Nbd2 O-O 10. d4 cxd4 {B50: Sicilian: 2...d6, Miscellaneous} 11. cxd4 e5 12. d5 {LiveBook: 9 Games} Qe7 {White is slightly better.} 13. Nc4 $146 ({Predecessor:} 13. Nb1 a6 14. a4 Rfc8 15. Nc3 Rc7 16. Be3 Rxc3 17. bxc3 Nxe4 18. c4 {½-½ (35) Gholami,A (2422)-Salinas Herrera,P (2466) Doha 2016}) 13... Nc5 14. Nfd2 Nfd7 15. b4 Na6 16. Rb1 f5 17. a4 Nf6 18. f3 {[%cal Bf2f3,Bf3e4][%mdl 32]} Rf7 19. a5 Raf8 (19... Qc7 $14) 20. axb6 $16 axb6 21. Nxb6 Qc7 (21... Bh6 $16) 22. Na4 $18 fxe4 23. fxe4 Nd7 24. Nf3 h6 25. Be3 g5 (25... Qb8 {was worth a try.} 26. Nh4 Kh7) 26. Bd3 Nab8 27. Nd2 Nf6 28. Rc1 Qe7 29. Nb6 Qd8 30. Bb5 h5 {Now ...Ng4 and Black clings on.} 31. Nbc4 Ng4 32. Bb6 Qe7 33. Nf3 Bh6 34. Na5 Nf6 $2 {[#]} (34... Ba6 {is more resistant.}) 35. Rc7 Nfd7 36. Rxb7 g4 37. Nd2 Qg5 38. Nac4 Nxb6 39. Rxb6 Rf2 40. Rxd6 g3 41. h3 Qh4 {[#] ( -> ...Rxg2+!)} 42. Rf1 ({And not} 42. Rxh6 Rxg2+ 43. Kxg2 Rf2+ 44. Kg1 Qxh3 $11) 42... Bxd2 43. Nxd2 Qg5 44. Rxf2 Rxf2 45. Nf1 Qf4 46. Rg6+ Kf7 47. Rxg3 {Precision: White = 86%, Black = 24%.} 1-0

[Event "1st 4NCL International Open"]
[Site "Telford"]
[Date "2018.11.03"]
[Round "6"]
[White "Mihalik, Agoston"]
[Black "Stepanyan, Henrik"]
[Result "1-0"]
[WhiteElo "2223"]
[BlackElo "2158"]
[Annotator "NA"]
[PlyCount "135"]
[EventDate "2018.10.31"]
[EventType "swiss"]
[EventCountry "GBR"]
[SourceTitle "playchess.com"]
[Source "ChessBase"]
[SourceQuality "1"]
[TimeControl "5400+30"]

1. e4 {[%emt 0:00:03]} e5 {[%emt 0:00:00]} 2. Nf3 {[%emt 0:00:05]} Nc6 {[%emt 0:00:00]} 3. d4 {[%emt 0:00:18]} exd4 {[%emt 0:00:00]} 4. Nxd4 {[%emt 0:00:05]} Bc5 {[%emt 0:00:48]} 5. Nb3 {[%emt 0:00:44]} Bb6 {[%emt 0:00:09]} 6. Nc3 {[%emt 0:00:11]} Qf6 {[%emt 0:10:20]} 7. Qe2 {[%emt 0:03:48]} Nge7 {[%emt 0:03:10]} 8. Be3 {[%emt 0:01:10]} Bxe3 {[%emt 0:08:26]} 9. Qxe3 {[%emt 0:00:13]} a6 {[%emt 0:00:04]} 10. O-O-O {[%emt 0:03:27]} O-O {[%emt 0:01:18]} 11. f4 {[%emt 0:06:32]} d6 {[%emt 0:00:21]} 12. Be2 {[%emt 0:01:56]} Qh4 {[%emt 0:09:35]} 13. g3 {[%emt 0:07:41]} Qh3 {[%emt 0:01:00]} 14. Nd5 {[%emt 0:00:20]} Nxd5 {[%emt 0:02:26]} 15. exd5 {[%emt 0:00:34]} Na7 {[%emt 0:01:57]} 16. Nd4 {[%emt 0:05:21]} c6 {[%emt 0:09:31]} 17. dxc6 {[%emt 0:05:01]} bxc6 {[%emt 0:00:59]} 18. Nf3 {[%emt 0:09:57]} Qf5 {[%emt 0:07:18]} 19. Rxd6 {[%emt 0:13:00]} Be6 {[%emt 0:01:17]} 20. Qe5 {[%emt 0:05:42]} Qxe5 {[%emt 0:06:19]} 21. Nxe5 {[%emt 0:00:38]} Bd5 {[%emt 0:00:08]} 22. Bf3 {[%emt 0:00:46]} Nc8 {[%emt 0:05:01]} 23. Rd7 {[%emt 0:00:23]} Nb6 {[%emt 0:00:50]} 24. Rb7 {[%emt 0:00:25]} Bxf3 {[%emt 0:03:25]} 25. Nxf3 {[%emt 0:00:07]} Rfb8 {[%emt 0:01:35]} 26. Rxb8+ {[%emt 0:01:04]} Rxb8 {[%emt 0:00:01]} 27. Ne5 {[%emt 0:00:15]} Rc8 {[%emt 0:02:19]} 28. Rd1 {[%emt 0:00:26]} f6 {[%emt 0:00:04]} 29. Nd7 {[%emt 0:01:31]} Nc4 {[%emt 0:02:38]} 30. Nc5 {[%emt 0:04:04]} g5 {[%emt 0:04:33]} 31. fxg5 {[%emt 0:13:20]} fxg5 {[%emt 0:00:04]} 32. Ne4 {[%emt 0:00:23]} Rf8 {[%emt 0:03:55]} 33. b3 {[%emt 0:01:26]} Ne3 {[%emt 0:00:33]} 34. Re1 {[%emt 0:00:34]} Rf1 {[%emt 0:03:50]} 35. Rxf1 {[%emt 0:01:13]} Nxf1 {[%emt 0:00:01]} 36. Nxg5 {[%emt 0:02:06]} Nxh2 {[%emt 0:00:07]} 37. Ne4 {[%emt 0:01:23]} Kg7 {[%emt 0:02:45]} 38. Kd2 {[%emt 0:01:31]} Kg6 {[%emt 0:01:27]} 39. Ke2 Kf5 {[%emt 0:00:00]} 40. Nc5 {[%emt 0:01:05]} Kg4 {[%emt 0:03:09]} 41. Kf2 {[%emt 0:00:47]} Nf3 {[%emt 0:00:42]} 42. Nxa6 {[%emt 0:00:31]} Nd4 {[%emt 0:00:35]} 43. Nb4 {[%emt 0:00:25]} c5 {[%emt 0:00:46]} 44. Nd3 {[%emt 0:00:06]} Nxc2 {[%emt 0:00:44]} 45. Nxc5 {[%emt 0:00:08]} Na3 {[%emt 0:02:01]} 46. b4 {[%emt 0:00:38]} h5 {[%emt 0:00:04]} 47. Ne4 {[%emt 0:00:35]} Kf5 {[%emt 0:00:21]} 48. Nc3 {[%emt 0:00:16]} Ke5 {[%emt 0:00:12]} 49. Ne2 {[%emt 0:03:47]} Ke4 {[%emt 0:01:33]} 50. Nc3+ {[%emt 0:02:15]} Kd4 {[%emt 0:01:23]} 51. b5 {[%emt 0:00:42]} Nc4 {[%emt 0:00:59]} 52. Ne2+ {[%emt 0:01:19]} Kc5 {[%emt 0:00:18]} 53. Nf4 {[%emt 0:00:13]} Kxb5 {[%emt 0:00:12]} 54. Nxh5 {[%emt 0:00:03]} Nd6 {[%emt 0:03:13]} 55. Ke2 {[%emt 0:01:36]} Ka4 {[%emt 0:00:05]} 56. g4 {[%emt 0:00:19]} Nf7 {[%emt 0:00:21]} 57. Ke3 {[%emt 0:00:32]} Ka3 {[%emt 0:00:07]} 58. Ke4 {[%emt 0:00:49]} Kxa2 {[%emt 0:00:03]} 59. Kd5 {[%emt 0:00:35]} Kb3 {[%emt 0:01:08]} 60. Nf4 {[%emt 0:01:14]} Kc3 {[%emt 0:00:54]} 61. Nh3 {[%emt 0:00:33]} Nh6 {[%emt 0:01:13]} 62. g5 {[%emt 0:00:12]} Nf5 {[%emt 0:00:31]} 63. Nf4 {[%emt 0:02:20]} Nh4 {[%emt 0:00:32]} 64. Ke4 {[%emt 0:00:59]} Kc4 {[%emt 0:00:50]} 65. Ng2 {[%emt 0:00:18]} Ng6 {[%emt 0:00:02]} 66. Kf5 {[%emt 0:00:06]} Nf8 {[%emt 0:00:31]} 67. Nf4 {[%emt 0:00:15]} Kb5 {[%emt 0:02:13]} 68. Ne6 {[%emt 0:00:13]} 1-0

[Event "1st 4NCL International Open"]
[Site "Telford"]
[Date "2018.11.03"]
[Round "6"]
[White "Hill, Alistair"]
[Black "Pert, Richard G"]
[Result "1/2-1/2"]
[WhiteElo "2203"]
[BlackElo "2408"]
[Annotator "TA"]
[PlyCount "36"]
[EventDate "2018.10.31"]
[EventType "swiss"]
[EventCountry "GBR"]
[SourceTitle "playchess.com"]
[Source "ChessBase"]
[SourceQuality "1"]

{[%evp 17,36,27,27,25,27,34,84,22,20,-11,16,37,23,48,80,82,67,67,75,72,60]} 1. Nf3 d5 2. c4 e6 3. d4 Nf6 4. g3 dxc4 5. Bg2 Bb4+ 6. Bd2 c5 {E04: Open Catalan: 5 Nf3} (6... a5 7. a3 Bd6 8. Qa4+ Nc6 9. O-O O-O 10. Qxc4 e5 11. dxe5 Nxe5 12. Nxe5 Bxe5 13. Qc2 c6 14. Bc3 Qe7 {½-½ (77) Fedoseev,V (2707)-Shankland,S (2727) Danzhou 2018}) 7. Bxb4 cxb4 8. Ne5 O-O 9. O-O Nc6 {LiveBook: 5 Games} 10. Bxc6 bxc6 11. a3 Nd7 $146 ({Predecessor:} 11... Qd6 12. axb4 Qxb4 13. Qd2 c5 14. Qxb4 cxb4 15. Nxc4 {½-½ (56) Likavsky,T (2486)-Berczes,D (2560) Austria 2012}) 12. Nxc4 (12. axb4 $16 Nxe5 13. dxe5) 12... Ba6 $11 13. b3 {[%cal Bb2b3,Bb3c4][%mdl 32]} (13. Ne3 {seems wilder.} bxa3 14. Rxa3 Bb5 15. Nc3 Nf6 16. Qd2) 13... bxa3 14. Rxa3 Bxc4 15. bxc4 c5 {[#]} 16. d5 $1 Nb6 17. dxe6 fxe6 18. Qc2 Qd4 1/2-1/2

[Event "1st 4NCL International Open"]
[Site "Telford"]
[Date "2018.11.03"]
[Round "6"]
[White "Mason, Donald J"]
[Black "Ther, Mate"]
[Result "1-0"]
[WhiteElo "2165"]
[BlackElo "1759"]
[Annotator "NA"]
[PlyCount "49"]
[EventDate "2018.10.31"]
[EventType "swiss"]
[EventCountry "GBR"]
[SourceTitle "playchess.com"]
[Source "ChessBase"]
[SourceQuality "1"]
[TimeControl "5400+30"]

1. e4 {[%emt 0:00:00]} e5 {[%emt 0:00:00]} 2. Nf3 {[%emt 0:00:00]} Nc6 {[%emt 0:00:03]} 3. Bc4 {[%emt 0:00:00]} Bc5 {[%emt 0:00:06]} 4. c3 {[%emt 0:00:05]} Nf6 {[%emt 0:00:06]} 5. d3 {[%emt 0:00:07]} O-O {[%emt 0:00:13]} 6. Bg5 {[%emt 0:00:09]} d6 {[%emt 0:00:27]} 7. b4 {[%emt 0:09:29]} Bb6 {[%emt 0:00:08]} 8. a4 {[%emt 0:00:08]} a5 {[%emt 0:00:46]} 9. b5 {[%emt 0:01:02]} Ne7 {[%emt 0:07:38]} 10. Nbd2 {[%emt 0:13:32]} c6 {[%emt 0:03:04]} 11. O-O {[%emt 0:12:11]} d5 {[%emt 0:00:40]} 12. Bb3 {[%emt 0:02:28]} Ng6 {[%emt 0:01:43]} 13. d4 {[%emt 0:06:22]} Bg4 {[%emt 0:07:33]} 14. exd5 {[%emt 0:06:24]} cxd5 {[%emt 0:01:18]} 15. h3 {[%emt 0:06:47]} Bxf3 {[%emt 0:00:33]} 16. Nxf3 {[%emt 0:04:50]} e4 {[%emt 0:01:18]} 17. Ne5 {[%emt 0:00:23]} Qd6 {[%emt 0:02:52]} 18. Bxf6 {[%emt 0:06:28]} gxf6 {[%emt 0:00:30]} 19. Ng4 {[%emt 0:00:07]} Kg7 {[%emt 0:07:53]} 20. Ne3 {[%emt 0:01:38]} Ne7 {[%emt 0:01:19]} 21. Qh5 {[%emt 0:06:57]} Rad8 {[%emt 0:00:56]} 22. Bxd5 {[%emt 0:05:35]} Bc7 {[%emt 0:02:47]} 23. f4 {[%emt 0:03:11]} exf3 {[%emt 0:01:48]} 24. Rxf3 {[%emt 0:00:08]} Kh8 {[%emt 0:14:33]} 25. Be4 {[%emt 0:03:56]} 1-0

[Event "1st 4NCL International Open"]
[Site "Telford"]
[Date "2018.11.03"]
[Round "6"]
[White "Ferrington, Nigel M"]
[Black "Kulkarni, Rakesh"]
[Result "0-1"]
[WhiteElo "2130"]
[BlackElo "2297"]
[Annotator "TA"]
[PlyCount "92"]
[EventDate "2018.10.31"]
[EventType "swiss"]
[EventCountry "GBR"]
[SourceTitle "playchess.com"]
[Source "ChessBase"]
[SourceQuality "1"]

{[%evp 12,92,31,27,45,34,40,41,41,43,42,48,68,29,14,23,28,18,29,8,40,-60,-71,-85,-4,-120,-96,-106,-97,-125,-125,-131,-122,-103,-119,-185,-177,-172,-173,-273,-258,-247,-265,-454,-430,-437,-437,-490,-499,-510,-505,-493,-491,-488,-439,-628,-556,-520,-543,-552,-531,-539,-530,-547,-529,-529,-516,-473,-538,-535,-526,-517,-522,-534,-488,-643,-643,-738,-512,-854,-848,-872,-866]} 1. e4 c5 2. Nf3 e6 3. b3 Nc6 4. Bb2 a6 5. g3 d6 (5... d5 6. exd5 exd5 7. Qe2+ Qe7 8. Qxe7+ Ngxe7 9. Bg2 Bf5 10. O-O O-O-O 11. Nc3 h6 12. Na4 Ng6 13. d4 Bxc2 {½-½ (29) Nisipeanu,L (2668)-Markus,R (2662) Ortisei 2016}) 6. Bg2 {B40: Sicilian: 2...e6, Unusual lines} e5 7. O-O {LiveBook: 8 Games} Nf6 8. Re1 {White is slightly better.} g6 9. c3 Bg7 10. d4 O-O 11. Nbd2 $146 ({Predecessor:} 11. dxe5 dxe5 12. Nbd2 Be6 13. Qc2 {1-0 (46) Zhizmer,Y (2419)-Marchenko,V Kiev 2002}) 11... Re8 12. Qc2 cxd4 13. cxd4 Bg4 14. d5 Nb4 15. Qb1 {next a3 is good for White.} Rc8 16. Rc1 (16. Nc4 $1 $14) 16... Rxc1+ $15 17. Bxc1 {[#]} Qc7 (17... Nfxd5 $1 $17 {[%mdl 512]} 18. Ba3 (18. exd5 e4 $17) 18... Nc3) 18. a3 (18. Ne1 $1 $11 {remains equal.}) 18... Nc2 $36 {[%mdl 2048] Keeping White busy.} 19. Ra2 {[#]} Rc8 $1 {White must now prevent ...Bxf3.} 20. Nc4 {[#]} Bxf3 $1 21. Rxc2 Bxe4 22. Bxe4 Nxe4 23. Ne3 (23. a4 $17) 23... Qd7 $19 24. Rxc8+ Qxc8 25. Qxe4 (25. a4 $142) 25... Qxc1+ 26. Kg2 Qxa3 27. Qh4 $2 (27. Qc2) 27... Qxb3 {Black is clearly winning.} 28. Qd8+ Bf8 29. Ng4 Qxd5+ 30. f3 {Nf6+ is the strong threat.} Qe6 31. Nf6+ Kg7 32. Ne8+ Kh8 33. Qa8 (33. Nf6 $142 Qe7 34. Qc8) 33... Qe7 34. Nc7 {Threatens to win with Nd5.} Kg8 35. Nd5 Qe6 36. Qxb7 a5 {[%cal Ba6a5,Ba5a4,Ba4a3][%mdl 32]} 37. g4 h6 38. Kg3 a4 39. Qa8 {[#]} a3 $1 40. h4 (40. Qxa3 Qxd5) 40... f6 41. Kf2 Qf7 42. Kg3 Kh7 43. Kf2 Bg7 44. Kg3 Qe6 45. h5 (45. Kf2 $142) 45... gxh5 46. gxh5 f5 {Precision: White = 31%, Black = 79%.} 0-1

[Event "1st 4NCL International Open"]
[Site "Telford"]
[Date "2018.11.03"]
[Round "6"]
[White "Munshi, Aditya"]
[Black "Jamieson, Ian"]
[Result "1-0"]
[WhiteElo "2117"]
[BlackElo "1947"]
[Annotator "NA"]
[PlyCount "39"]
[EventDate "2018.10.31"]
[EventType "swiss"]
[EventCountry "GBR"]
[SourceTitle "playchess.com"]
[Source "ChessBase"]
[SourceQuality "1"]
[TimeControl "5400+30"]

1. e4 {[%emt 0:00:01]} e6 {[%emt 0:00:00]} 2. d4 {[%emt 0:00:12]} d5 {[%emt 0:00:07]} 3. Nd2 {[%emt 0:00:26]} c5 {[%emt 0:00:10]} 4. exd5 {[%emt 0:00:19]} Qxd5 {[%emt 0:00:03]} 5. Ngf3 {[%emt 0:00:06]} cxd4 {[%emt 0:00:38]} 6. Bc4 {[%emt 0:00:21]} Qd6 {[%emt 0:00:01]} 7. O-O {[%emt 0:00:07]} Nf6 {[%emt 0:00:20]} 8. Nb3 {[%emt 0:00:05]} Nc6 {[%emt 0:00:40]} 9. Nbxd4 {[%emt 0:00:11]} Nxd4 {[%emt 0:00:03]} 10. Nxd4 {[%emt 0:00:21]} h6 {[%emt 0:06:53]} 11. Nb5 {[%emt 0:06:30]} Qb8 {[%emt 0:07:12]} 12. Qf3 {[%emt 0:03:05]} e5 {[%emt 0:08:31]} 13. Qb3 {[%emt 0:08:12]} a6 {[%emt 0:08:43]} 14. Bxf7+ {[%emt 0:00:41]} Kd8 {[%emt 0:00:50]} 15. Be3 {[%emt 0:13:44]} b6 {[%emt 0:05:16]} 16. Nc3 {[%emt 0:27:23]} Bc5 {[%emt 0:03:20]} 17. Nd5 {[%emt 0:01:05]} Nd7 {[%emt 0:08:16]} 18. Rad1 {[%emt 0:01:44]} Bxe3 {[%emt 0:00:25]} 19. fxe3 {[%emt 0:02:04]} b5 {[%emt 0:00:37]} 20. Qb4 {[%emt 0:00:45]} 1-0

[Event "1st 4NCL International Open"]
[Site "Telford"]
[Date "2018.11.03"]
[Round "6"]
[White "White, Stuart A"]
[Black "Bennett, Dominic L"]
[Result "1/2-1/2"]
[WhiteElo "2113"]
[BlackElo "1933"]
[Annotator "NA"]
[PlyCount "79"]
[EventDate "2018.10.31"]
[EventType "swiss"]
[EventCountry "GBR"]
[SourceTitle "playchess.com"]
[Source "ChessBase"]
[SourceQuality "1"]
[TimeControl "5400+30"]

1. d4 {[%emt 0:00:00]} Nf6 {[%emt 0:03:11]} 2. c4 {[%emt 0:00:42]} e6 {[%emt 0:03:35]} 3. Nc3 {[%emt 0:00:26]} Bb4 {[%emt 0:01:21]} 4. e3 {[%emt 0:00:10]} O-O {[%emt 0:00:33]} 5. Nf3 {[%emt 0:00:18]} c5 {[%emt 0:01:09]} 6. Bd3 {[%emt 0:00:39]} d5 {[%emt 0:01:09]} 7. O-O {[%emt 0:01:14]} cxd4 {[%emt 0:00:50]} 8. exd4 {[%emt 0:01:01]} dxc4 {[%emt 0:00:45]} 9. Bxc4 {[%emt 0:00:17]} b6 {[%emt 0:02:39]} 10. Bg5 {[%emt 0:00:12]} Bb7 {[%emt 0:01:51]} 11. Qe2 {[%emt 0:00:53]} Bxc3 {[%emt 0:08:01]} 12. bxc3 {[%emt 0:00:07]} Nc6 {[%emt 0:05:16]} 13. Rfd1 {[%emt 0:07:33]} Na5 {[%emt 0:01:04]} 14. Bd3 {[%emt 0:01:04]} Re8 {[%emt 0:19:00]} 15. c4 {[%emt 0:05:02]} Rc8 {[%emt 0:02:12]} 16. Rac1 {[%emt 0:07:33]} Kf8 {[%emt 0:03:45]} 17. Bxh7 {[%emt 0:19:58]} Bxf3 {[%emt 0:03:35]} 18. Qxf3 {[%emt 0:02:09]} Rxc4 {[%emt 0:03:17]} 19. Rxc4 {[%emt 0:09:06]} Nxc4 {[%emt 0:00:38]} 20. Be4 {[%emt 0:02:35]} Kg8 {[%emt 0:06:40]} 21. Bc6 {[%emt 0:04:14]} Rf8 {[%emt 0:00:55]} 22. Qe2 {[%emt 0:01:26]} Nd6 {[%emt 0:05:26]} 23. d5 {[%emt 0:08:25]} exd5 {[%emt 0:06:23]} 24. Bxd5 {[%emt 0:00:39]} Re8 {[%emt 0:00:42]} 25. Qd3 {[%emt 0:02:02]} Qe7 {[%emt 0:01:38]} 26. h4 {[%emt 0:05:50]} Rd8 {[%emt 0:04:14]} 27. Bb3 {[%emt 0:07:02]} Rd7 {[%emt 0:05:40]} 28. Rc1 {[%emt 0:03:39]} Qe5 {[%emt 0:01:24]} 29. Bc2 {[%emt 0:05:05]} Nde4 {[%emt 0:01:54]} 30. Bxf6 {[%emt 0:01:12]} Nxf6 {[%emt 0:00:23]} 31. Qf3 {[%emt 0:00:44]} g6 {[%emt 0:01:06]} 32. Bb3 {[%emt 0:00:32]} Kg7 {[%emt 0:01:35]} 33. g3 {[%emt 0:00:39]} Re7 {[%emt 0:01:13]} 34. Kg2 {[%emt 0:00:51]} Qa5 {[%emt 0:01:25]} 35. Rc6 {[%emt 0:01:37]} Qe5 {[%emt 0:00:26]} 36. Qc3 {[%emt 0:01:30]} Qe4+ {[%emt 0:00:42]} 37. Qf3 {[%emt 0:00:02]} Qe5 {[%emt 0:00:18]} 38. Rc3 {[%emt 0:00:35]} Qe1 {[%emt 0:01:03]} 39. Rc2 {[%emt 0:00:59]} Qe5 {[%emt 0:00:34]} 40. Rc1 {[%emt 0:00:50]} 1/2-1/2